R6 tier list - Statistics

General Stats
  • This quiz has been taken 143 times
  • The average score is 28 of 68
Answer Stats
A Tier % Correct
Ash
74%
Blitz
67%
Ace
66%
Thermite
65%
Black Beard
64%
Mute
64%
Doc
60%
Fuze
58%
Sledge
58%
Smoke
58%
Kapkan
56%
Buck
54%
Montagne
52%
Thatcher
52%
Rook
51%
Castle
50%
Tachanka
49%
Ram
47%
Twitch
47%
Azami
46%
Bandit
46%
Fenrir
46%
Vigil
46%
Clash
45%
Glaz
45%
Kaid
45%
Mira
44%
Frost
43%
pulse
43%
Finka
42%
Jackal
42%
Warden
42%
Lesion
41%
Ela
40%
Iana
40%
Brava
39%
Lion
39%
Sens
39%
Ying
39%
Zofia
39%
Goyo
38%
Hibana
38%
Osa
38%
Zero
38%
Echo
37%
IQ
37%
Mozzie
37%
Nokk
37%
Oryx
37%
Thunderbird
37%
Amaru
36%
Maverick
36%
Grim
34%
Solis
34%
Alibi
33%
Capitao
32%
Aruni
31%
Nomad
31%
Flores
29%
Thorn
29%
Caviera
28%
Maestro
24%
Dokkabe
14%
Wamia
14%
Kaly
6%
Valkery
6%
Yeager
2%
Meluci
0%
No matching quizzes found
Score Distribution
Percent of People with Each Score
Percentile by Number Answered
Your Score History
You have not taken this quiz